Arman interactives : opening Friday, March 29 through April 27, 1996.
Saved in:
| Main Author: | |
|---|---|
| Corporate Author: | |
| Format: | Book |
| Language: | English |
| Published: |
New York :
Sidney Janis Gallery,
[1996]
|
| Subjects: | |
| Tags: |
Add Tag
No Tags, Be the first to tag this record!
|
| LEADER | 00549nam a2200181 a 4500 | ||
|---|---|---|---|
| 001 | 007911080-0 | ||
| 005 | 20031201143738.0 | ||
| 008 | 031201s1996 nyua 000 0 eng d | ||
| 040 | |a MoSR |c MoSR | ||
| 100 | 1 | |a Arman, |d 1928-2005. | |
| 245 | 1 | 0 | |a Arman interactives : |b opening Friday, March 29 through April 27, 1996. |
| 246 | 3 | 4 | |a Arman at Janis |
| 260 | |a New York : |b Sidney Janis Gallery, |c [1996] | ||
| 300 | |a [16] p. : |b col. ill. ; |c 27 cm. | ||
| 600 | 1 | 0 | |a Arman, |d 1928-2005 |x Exhibitions. |
| 710 | 2 | |a Sidney Janis Gallery. | |
| 988 | |a 20031201 | ||
| 906 | |0 OCLC | ||